000 00592nam a2200229Ia 4500
003 OSt
005 20220928110239.0
006 a|||||r|||| 00| 0
007 ta
008 220927b |||||||| |||| 00| 0 eng d
024 _a49085
037 _cTextual
040 _aSDCL
_cSDCL
_beng
041 _2eng
_aeng
082 _aO152,1(Q224):g, L2
100 _aRajurkar
_9418748
245 0 _aRam katha ke patr
260 _aKanpur
_bGrntham Prakashan
_c1972
300 _a451p.
_ccm.
942 _hO152,1(Q224):g, L2
_cTEXL
_2CC
999 _c734763
_d734763